Statistics for Name a Valid Country - Hard Edition

Click here to take the quiz!

General Stats

  • This quiz has been taken 190 times
    (182 since last reset)
  • The average score is 17 of 21

Answer Stats

% Name a country ... Answer % Correct
57that is recognized by JetPunk but not the UNKosovo | Taiwan
89%
59that had no people in the year 600 ADBahamas | Cape Verde | Iceland | Mauritius |
New Zealand | São Tomé and Príncipe | Seychelles
88%
50that is in the Greater AntillesBahamas | Cuba | Dominican Republic | Haiti | Jamaica
83%
54that produces over 2,000 tons of silver annuallyChina | Mexico | Peru
83%
56that the United States took control over
after the Spanish-American war
Cuba | Philippines
83%
63that is a monarchy, and in AfricaEswatini | Lesotho | Morocco
82%
51has part of the Atlas MountainsAlgeria | Morocco | Tunisia
82%
63with an X in its nameLuxembourg | Mexico
82%
60that borders the Coral SeaAustralia | Solomon Islands | Papua New Guinea | Vanuatu
82%
49with at least 2 million people from
the Berber ethnic group
Algeria | France | Libya | Mauritania | Morocco
82%
57that was a former colony that gained
independence from the Netherlands
Indonesia | Suriname
80%
49whose population fell more than 5%
between 2010 and 2017
Andorra | Bosnia and Herzegovina | Croatia |
Georgia | Latvia | Lithuania | Syria
80%
53that is part of the Lesser AntillesAntigua and Barbuda | Barbados | Dominica |
Grenada | St. Kitts and Nevis | St. Lucia |
St. Vincent and the Grenadines | Trinidad and Tobago
80%
56with glaciers and in AfricaKenya | Tanzania | Uganda
79%
56whose official capital city has changed since 1991Burundi | Kazakhstan | Myanmar | Nigeria | Palau | Tanzania
79%
52that is a member of OPEC and not in Asia or AfricaEcuador | Venezuela
78%
63whose residents can visit fewer than
fifty other countries without a visa
Afghanistan | Iraq | Libya | Pakistan | Somalia |
Sudan | Syria | Yemen
78%
59that is less than 0.1% forest (excluding micronations)Oman | Qatar | Egypt
76%
62that averages less than 6 cm of precipitation per yearEgypt | Libya | Saudi Arabia
76%
53where a UN Secretary-General was bornAustria | Egypt | Ghana | Myanmar | Norway | Peru |
Portugal | South Korea | Sweden
75%
63with a high percentage of its territory in the CaucasusArmenia | Azerbaijan | Georgia
74%

Score Distribution

Percentile by Number Answered

Percent of People with Each Score

Your Score History

You have not taken this quiz since the last reset